000 01111nam a22003137a 4500
001 BR9901097
003 BR-BrBNA
005 20230928100155.0
007 ta
008 230509b bl.||||| |||| 00| 0 por d
040 _aBR-BrBNA
_bpor
_cBiblioteca Nacional de Agricultura
041 _a(Por)
072 _aE14; P10
090 _ E14 BR9901097
100 1 _aFontana, R.B.
110 1 _aUniversidade Federal de Santa Catarina, Florianopolis (Brasil). Centro de Ciencias Agrarias
_0Tese (Mestre em Agroecossistemas)
245 1 _aO comportamento dos produtores rurais frente aos incentivos financeiros para a adocao de praticas conservacionistas (um estudo do Projeto Microbacias na regiao sul de SC)
260 3 _aFlorianopolis, SC (Brasil):
_c1998.
300 _a170 p.
500 _a6 illus.; Summaries (Eng, Por); 46 ref.; 6 tables
650 _aProjeto Agricola
650 _aProjeto de Desenvolvimento
650 _aTransferencia de Tecnologia
650 _aBacia Hidrografica
650 _aProdutor
650 _aSanta Catarina
909 _a202309
_bLucia
_c55
_dLucia Elande
942 _cBK
999 _c60596
_d60596